00345nam a2200133Ia 4500008004100000082001600041100001300057245003400070250000600104260002500110300000800135630003400143730003400177100122s9999 xx 000 0 und d b43083aB502 aRABIZA F aSPACE ADVENTURES IN YOUR HOME a1 bMIR PUBLISHERSc1987 a192 aSPACE ADVENTURES IN YOUR HOME aSPACE ADVENTURES IN YOUR HOME